| 000 | 01171nam a2200253 a 4500 | ||
|---|---|---|---|
| 001 | BRL_1747 | ||
| 005 | 20190320211342.0 | ||
| 008 | 270715s1982----mx-#######---#000-0#spa-# | ||
| 041 | _aspa | ||
| 044 | _amx | ||
| 050 | 4 |
_aHM621 _b.C85 1982 |
|
| 245 | 1 | 0 |
_aCulturas populares y política cultural. _cGuillermo Bonfil Batalla...[et al.] |
| 260 |
_aMéxico _bMuseo de Culturas Populares ; SEP _c1982 |
||
| 300 |
_a137 p. _c21 cm |
||
| 500 | _aAu1998 | ||
| 500 | _aEsta publicación recoge las ponencias presentadas en el primer Coloquio sobre Culturas Populares y Política Cultural, organizado por el Museo de Culturas Populares, que se llevó a cabo en el Centro de Estudios Económicos y Sociales del Tercer Mundo los días 22 y 23 de abril de 1982. | ||
| 650 | 1 | 4 |
_aCultura popular _vCongresos _zMéxico _927774 |
| 650 | 1 | 4 |
_aPolítica cultural _vCongresos _927775 |
| 650 | 1 | 4 |
_aPluralismo (Ciencias sociales) _vCongresos _zMéxico _927776 |
| 700 | 1 |
_aBonfil Batalla, Guillermo _927777 |
|
| 711 | 2 |
_aColoquio sobre Culturas Populares y Poliìtica Cultural _d(1982 _cCentro de Estudios Economicos y Sociales del Tercer Mundo) _927778 |
|
| 902 | _aGRL | ||
| 942 |
_2lcc _cB |
||
| 999 |
_c10555 _d10555 |
||